000 00451nam a2200145Ia 4500
008 100204s9999 xx 000 0 und d
082 _b6101
100 _aजोग शांता
245 _aरंग आणि ढंग
260 _b"डिंंंंप्ंाल पब्लिकेशन, वसई"
_c1984
300 _a156
630 _aरंग आणि ढंग
730 _aरंग आणि ढंग
942 _cBOOK
999 _c450596
_d450593